jedzenie i picie - english words - Statystyki

Ogólne statystyki
  • Ten quiz został rozwiązany 54 razy
  • Średni wynik to 52 z 148
Statystyki odpowiedzi
Angielski Polski % Poprawnych
omelette omlet
94%
dessert deser
89%
garlic czosnek
85%
baguette bagietka
83%
chips frytki
83%
vanilla wanilia
77%
crisps chipsy
74%
pastry ciastko
72%
mousse mus
72%
cheesecake sernik
72%
champagne szampan
72%
cinnamon cynamon
70%
oregano oregano
70%
nut orzech
70%
flour mąka
68%
mustard musztarda
68%
feta cheese ser feta
68%
spinach szpinak
68%
basil bazylia
66%
marzipan marcepan
66%
soya soja
66%
fig fig
64%
cocoa kakao
64%
compote kompot
64%
snack przekąska
64%
risotto risotto
64%
plum śliwka
64%
mayonnaise majonez
62%
gummies | jelly sweets żelki
62%
chewing gum guma do żucia
60%
salmon łosoś
60%
berry jagoda
57%
parmesan parmezan
57%
sesame sezam
57%
sunflower oil olej słonecznikowy
55%
olive oliwka
55%
sweet potato batat
53%
pudding budyń
53%
carp karp
53%
margarine margaryna
53%
almond migdał
49%
vinegar ocet
49%
dumplings pierogi
49%
celery seler
47%
asparagus szparagi
47%
fat tłuszcz
47%
cider cydr
45%
ginger imbir
45%
walnut orzech włoski
45%
rosemary rozmaryn
45%
waffle gofr
43%
pomegranate granat
43%
herbal tea herbata ziołowa
43%
prawn | shrimp krewetka
43%
croquette krokiet
43%
sweetcorn kukurydza
43%
hazelnut orzech laskowy
43%
doughnut pąćzek
43%
gingerbread piernik
43%
cranberry żurawina
43%
beverage napój
40%
herb zioło
40%
brussels sprout brukselka
38%
cutlet kotlet
38%
oat owies
38%
thyme tymianek
38%
whipped cream bita śmietana
36%
broccoli brokół
36%
biscuit herbatnik
36%
boiling egg jajko gotowane
36%
aubergine | eggplant bakłażan
34%
blackcurrant czarna porzeczka
34%
pea groszek
34%
fried egg jajko sadzone
34%
roll bułka
32%
beetroot burak
32%
lamb jagnięcina
32%
leek por
32%
liver wątróbka
32%
fizzy drink napój gazowany
30%
sponge cake biszkopt
28%
parsley pietruszka
28%
sweet bun słodka bułka
28%
anise anyż
26%
instant coffee kawa rozpuszczalna
26%
tangerine mandarynka
26%
mashed potatoes puree
26%
smoked fish ryba wędzona
26%
chocolate bar baton czekoladowy
23%
wheat pszenica
23%
raisins rodzynki
23%
candyfloss wata cukrowa
23%
mutton baranina
21%
meatball klopsik
21%
rhubarb rabarbar
21%
grain ziarno
21%
apricot morela
19%
courgette cukinia
17%
marjoram majeranek
17%
gooseberry agrest
15%
loaf bochenek
15%
date daktyl
15%
fibre błonnik
13%
breadcrumbs bułka tarta
13%
decaffeinated coffee kawa bez kofeiny
13%
dill koperek
13%
hard candy landrynka
13%
bay leaf liść laurowy
13%
barley jęczmień
11%
coriander kolendra
11%
pork chop kotlet schabowy
11%
cashew orzech nerkowca
11%
broth rosół
11%
lentil soczewica
11%
gravy sos pieczeniowy
11%
chives szczypiorek
11%
meringue beza
9%
horseradish chrzan
9%
veal cielęcina
9%
clove goździki
9%
fudge krówka
9%
icing lukier
9%
sage szałwia
9%
nutmeg gałka muszkatołowa
6%
mussle małża
6%
soft drink napój bezalkoholowy
6%
cereal płatki zbożowe
6%
cress rzeżucha
6%
broad bean bób
4%
sliced white bread chleb tostowy
4%
puff pastry ciasto francuskie
4%
lump sugar cukier w kostkach
4%
rose hip dzika róża
4%
caraway kminek
4%
turmeric kurkuma
4%
lovage lubczyk
4%
flaxseeds siemię lniane
4%
sorrel szczaw
4%
cod dorszcz
2%
kale jarmuż
2%
flan babeczka
0%
cocktail koktajl alkoholowy
0%
blackberry ostrężyna
0%
quince pigwa
0%
Nie znaleziono quizów pasujących do podanych kryteriów
Rozkład punktacji
Procent ludzi z każdym wynikiem
Percentyl według liczby udzielonych odpowiedzi
Twoja historia wyników
Nie rozwiązałeś tego quizu